[Event "HUN-ch Rapid 2018"]
[Site "Ajka"]
[Date "2018.07.21"]
[Round "10"]
[White "Hajnal, Zoltan"]
[Black "Groszpeter, Attila"]
[Result "0-1"]
[WhiteElo "2357"]
[BlackElo "2438"]
[Annotator "TA"]
[PlyCount "88"]
[EventDate "2018.07.20"]
[EventType "swiss"]
[EventCountry "HUN"]
[SourceTitle "playchess.com"]
[Source "ChessBase"]
[SourceQuality "1"]

{[%evp 18,88,5,13,39,31,25,11,11,-10,-5,-162,-165,-172,-160,-168,-161,-170,-158,-179,-168,-190,-177,-201,-184,-247,-247,-269,-215,-235,-253,-247,-244,-304,-197,-193,-217,-198,-149,-175,-138,-140,-141,-140,-138,-203,-203,-161,-188,-166,-167,-368,-285,-445,-437,-352,-304,-304,-266,-272,-270,-261,-262,-560,-538,-1583,-1370,-1012,-928,-29977,-29978,-29977,-29975]} 1. e4 c5 2. Nf3 d6 3. d4 cxd4 4. Qxd4 Nc6 5. Bb5 a6 6. Bxc6+ {B53: Sizilianisch (Ungarische Variante)} bxc6 7. c4 e5 8. Qd3 Qc7 9. Nc3 Be7 10. O-O {LiveBook: 6 Partien} h6 11. b3 Nf6 12. Ba3 O-O 13. c5 dxc5 14. Na4 $146 {[#]} (14. Qe3 $11) 14... c4 $1 $19 {[%cal Rc4d3][%mdl 512]} 15. bxc4 Rd8 $36 {[%mdl 2048] Schwarz ist am Drücker.} 16. Qe3 Bxa3 17. Qxa3 Nxe4 18. Qe3 Bf5 19. c5 Rab8 20. Rac1 f6 21. Nh4 {[#]} (21. Rfe1 $142) 21... Bh7 $1 22. Nb6 {[#]} Nxc5 $1 {[%mdl 512]} 23. Qxc5 {zielt auf Sd5 ab.} (23. Rxc5 Qxb6) 23... Qxb6 24. Qc4+ Kh8 {Weiss muss nun ...Td4 beachten.} 25. Qf7 Qb7 26. Ng6+ Bxg6 27. Qxg6 Kg8 28. Rc3 Qf7 29. Qxf7+ Kxf7 30. Rxc6 $17 {[%mdl 4096] Endspiel KTT-KTT} a5 {[%cal Ba6a5,Ba5a4][%mdl 32]} 31. Rc5 (31. Rc2 $17) 31... a4 $19 32. Rc7+ Kg6 33. h4 h5 34. Rfc1 $2 (34. Rc2) 34... Rb2 35. Ra7 (35. R7c2 $142 a3 36. Rxb2 axb2 37. Rb1) 35... Rxa2 36. Rcc7 Rd1+ 37. Kh2 Rxf2 {Droht ...Tf4 und aus.} 38. Rxg7+ Kf5 {...Tf4 ist eine echte Drohung.} 39. Rxa4 Rd4 40. Rxd4 $2 (40. Ra1) 40... exd4 {[%cal Be5d4,Bd4d3][%mdl 32]} 41. Rd7 Ke4 42. Kg1 Rf5 43. g3 d3 44. Kg2 Ke3 {Precision: Weiß = 25%, Schwarz = 65%.} 0-1

[Event "HUN-ch Rapid 2018"]
[Site "Ajka"]
[Date "2018.07.21"]
[Round "10"]
[White "Kiss, Pal"]
[Black "Sarok, Peter"]
[Result "1-0"]
[WhiteElo "2356"]
[BlackElo "2105"]
[Annotator "NA"]
[PlyCount "57"]
[EventDate "2018.07.20"]
[EventType "swiss"]
[EventCountry "HUN"]
[SourceTitle "playchess.com"]
[Source "ChessBase"]
[SourceQuality "1"]
[TimeControl "1200+5"]

1. d4 {[%emt 0:00:03]} d5 {[%emt 0:00:02]} 2. c4 {[%emt 0:00:02]} e6 {[%emt 0:00:01]} 3. Nf3 {[%emt 0:00:02]} c6 {[%emt 0:00:03]} 4. Qc2 {[%emt 0:00:01]} Nf6 {[%emt 0:00:08]} 5. g3 {[%emt 0:00:06]} Nbd7 {[%emt 0:00:05]} 6. Bg2 {[%emt 0:00:02]} Ne4 {[%emt 0:00:04]} 7. O-O {[%emt 0:00:04]} Bd6 {[%emt 0:00:17]} 8. Nbd2 {[%emt 0:00:25]} f5 {[%emt 0:00:02]} 9. Ne1 {[%emt 0:00:14]} O-O {[%emt 0:00:32]} 10. Nd3 {[%emt 0:00:04]} Ndf6 {[%emt 0:00:51]} 11. Nf3 {[%emt 0:00:06]} Bd7 {[%emt 0:02:01]} 12. Bf4 {[%emt 0:00:06]} Be7 {[%emt 0:01:12]} 13. c5 {[%emt 0:01:19]} h6 {[%emt 0:00:07]} 14. Nfe5 {[%emt 0:00:56]} Be8 {[%emt 0:01:01]} 15. f3 {[%emt 0:01:08]} Ng5 {[%emt 0:00:08]} 16. b4 {[%emt 0:00:37]} a6 {[%emt 0:00:20]} 17. a4 {[%emt 0:00:02]} Nf7 {[%emt 0:00:12]} 18. Ng6 {[%emt 0:00:13]} Nh5 {[%emt 0:00:27]} 19. Nxf8 {[%emt 0:00:56]} Kxf8 {[%emt 0:00:09]} 20. Be5 {[%emt 0:00:50]} Nf6 {[%emt 0:00:19]} 21. Nf4 {[%emt 0:01:04]} Qd7 {[%emt 0:01:32]} 22. Ng6+ {[%emt 0:02:30]} Kg8 {[%emt 0:00:02]} 23. b5 {[%emt 0:01:30]} axb5 {[%emt 0:00:15]} 24. axb5 {[%emt 0:00:02]} Rxa1 {[%emt 0:00:02]} 25. Rxa1 {[%emt 0:00:10]} cxb5 {[%emt 0:00:04]} 26. Ra7 {[%emt 0:00:58]} Nxe5 {[%emt 0:00:36]} 27. Nxe5 {[%emt 0:00:06]} Qc8 {[%emt 0:01:04]} 28. c6 {[%emt 0:00:53]} Bd6 {[%emt 0:01:03]} 29. Rxb7 {[%emt 0:00:17]} 1-0

[Event "HUN-ch Rapid 2018"]
[Site "Ajka"]
[Date "2018.07.21"]
[Round "10"]
[White "Hoang, Thanh Trang"]
[Black "Galyas, Miklos"]
[Result "0-1"]
[WhiteElo "2351"]
[BlackElo "2382"]
[Annotator "RC"]
[PlyCount "188"]
[EventDate "2018.07.20"]
[EventType "swiss"]
[EventCountry "HUN"]
[SourceTitle "playchess.com"]
[Source "ChessBase"]
[SourceQuality "1"]
[TimeControl "1200+5"]

1. d4 {[%emt 0:00:03]} d5 {[%emt 0:00:00]} 2. Bf4 {[%emt 0:00:12]} Nf6 {[%emt 0:00:01]} 3. e3 {[%emt 0:00:02]} c5 {[%emt 0:00:01]} 4. Nf3 {[%emt 0:00:05]} Nc6 {[%emt 0:00:06]} 5. c3 {[%emt 0:00:02]} Qb6 {[%emt 0:00:04]} 6. Qc2 {[%emt 0:00:07]} g6 {[%emt 0:00:30]} 7. Nbd2 {[%emt 0:00:51]} Bg7 {[%emt 0:00:32]} 8. Be2 {[%emt 0:01:49]} O-O {[%emt 0:00:06]} 9. O-O {[%emt 0:00:18]} Bf5 {[%emt 0:00:02]} 10. dxc5 {[%emt 0:00:13]} Qxc5 {[%emt 0:00:02]} 11. Qb3 {[%emt 0:00:16]} Ne4 {[%emt 0:01:48]} 12. Nxe4 {[%emt 0:00:35]} Bxe4 {[%emt 0:00:03]} 13. Bg3 {[%emt 0:00:19]} Na5 {[%emt 0:01:54]} 14. Qb5 {[%emt 0:01:48]} Qxb5 {[%emt 0:00:05]} 15. Bxb5 {[%emt 0:00:02]} a6 {[%emt 0:00:21]} 16. Be2 {[%emt 0:00:10]} b5 {[%emt 0:00:54]} 17. Nd2 {[%emt 0:00:14]} Bf5 {[%emt 0:00:13]} 18. Bf3 {[%emt 0:00:12]} Rad8 {[%emt 0:00:41]} 19. Bc7 {[%emt 0:00:06]} Nc4 {[%emt 0:00:24]} 20. Nxc4 {[%emt 0:00:33]} bxc4 {[%emt 0:01:03]} 21. Bxd8 {[%emt 0:00:04]} Rxd8 {[%emt 0:00:01]} 22. Rfd1 {[%emt 0:00:16]} Bd3 {[%emt 0:00:09]} 23. Rd2 {[%emt 0:00:08]} e5 {[%emt 0:00:31]} 24. Be2 {[%emt 0:04:12]} e4 {[%emt 0:00:02]} 25. f3 {[%emt 0:00:11]} f5 {[%emt 0:00:25]} 26. fxe4 {[%emt 0:00:22]} dxe4 {[%emt 0:00:53]} 27. Bxd3 {[%emt 0:00:16]} cxd3 {[%emt 0:00:28]} 28. g3 {[%emt 0:00:08]} Bf8 {[%emt 0:00:30]} 29. Kf2 {[%emt 0:00:27]} g5 {[%emt 0:00:15]} 30. Rc1 {[%emt 0:00:16]} Rc8 {[%emt 0:01:33]} 31. Rdd1 {[%emt 0:00:42]} f4 {[%emt 0:00:47]} 32. gxf4 {[%emt 0:00:19]} gxf4 {[%emt 0:00:01]} 33. Rg1+ {[%emt 0:00:20]} Kh8 {[%emt 0:00:09]} 34. Rg4 {[%emt 0:00:10]} fxe3+ {[%emt 0:00:03]} 35. Kxe3 {[%emt 0:00:31]} Bh6+ {[%emt 0:00:01]} 36. Kxe4 {[%emt 0:00:02]} Bxc1 {[%emt 0:00:02]} 37. Kxd3 {[%emt 0:00:15]} Bxb2 {[%emt 0:00:01]} 38. c4 {[%emt 0:00:06]} Bg7 {[%emt 0:00:13]} 39. Re4 {[%emt 0:00:18]} Kg8 {[%emt 0:00:25]} 40. Re6 {[%emt 0:00:05]} a5 {[%emt 0:00:54]} 41. Rb6 {[%emt 0:00:41]} Rd8+ {[%emt 0:00:53]} 42. Kc2 {[%emt 0:00:08]} Bf8 {[%emt 0:00:25]} 43. Rb5 {[%emt 0:00:19]} a4 {[%emt 0:00:03]} 44. Ra5 {[%emt 0:00:20]} a3 {[%emt 0:00:07]} 45. c5 {[%emt 0:00:27]} Rd5 {[%emt 0:01:15]} 46. Rxa3 {[%emt 0:00:04]} Rxc5+ {[%emt 0:00:03]} 47. Rc3 {[%emt 0:00:08]} Rh5 {[%emt 0:00:02]} 48. h3 {[%emt 0:00:02]} Kf7 {[%emt 0:00:08]} 49. Rf3+ {[%emt 0:00:11]} Ke7 {[%emt 0:00:05]} 50. a4 {[%emt 0:00:07]} Bg7 {[%emt 0:00:14]} 51. Kd2 {[%emt 0:00:43]} Kd6 {[%emt 0:00:09]} 52. Ke2 {[%emt 0:00:03]} Bd4 {[%emt 0:00:21]} 53. Kf1 {[%emt 0:00:40]} Kd5 {[%emt 0:00:36]} 54. Kg2 {[%emt 0:00:02]} Ke4 {[%emt 0:00:17]} 55. Rg3 {[%emt 0:00:30]} Be3 {[%emt 0:00:57]} 56. Rg7 {[%emt 0:00:13]} h6 {[%emt 0:00:18]} 57. Kg3 {[%emt 0:00:30]} Ra5 {[%emt 0:00:36]} 58. Rg4+ {[%emt 0:00:05]} Kd3 {[%emt 0:00:02]} 59. Rb4 {[%emt 0:00:25]} Bd4 {[%emt 0:00:06]} 60. Kg4 {[%emt 0:00:38]} Kc3 {[%emt 0:00:24]} 61. Rb5 {[%emt 0:00:14]} Rxa4 {[%emt 0:00:01]} 62. Kh5 {[%emt 0:00:02]} Be3 {[%emt 0:00:05]} 63. Rd5 {[%emt 0:00:02]} Bd2 {[%emt 0:00:05]} 64. Kg6 {[%emt 0:00:05]} Kc2 {[%emt 0:00:11]} 65. Kh5 {[%emt 0:00:37]} Kd1 {[%emt 0:00:04]} 66. Re5 {[%emt 0:00:01]} Ra3 {[%emt 0:00:08]} 67. Kg4 {[%emt 0:00:10]} Be3 {[%emt 0:00:09]} 68. h4 {[%emt 0:00:10]} Ke2 {[%emt 0:00:02]} 69. Re4 {[%emt 0:00:07]} Ra8 {[%emt 0:00:11]} 70. Re6 {[%emt 0:00:08]} Rg8+ {[%emt 0:00:09]} 71. Kh3 {[%emt 0:00:07]} Kf3 {[%emt 0:00:05]} 72. Ra6 {[%emt 0:00:21]} Rg3+ {[%emt 0:00:12]} 73. Kh2 {[%emt 0:00:01]} Rg4 {[%emt 0:00:47]} 74. Kh3 {[%emt 0:00:01]} Rf4 {[%emt 0:00:03]} 75. Rxh6 {[%emt 0:00:06]} Ra4 {[%emt 0:00:12]} 76. Rc6 {[%emt 0:00:22]} Ra1 {[%emt 0:00:07]} 77. Rc2 {[%emt 0:00:14]} Rh1+ {[%emt 0:00:06]} 78. Rh2 {[%emt 0:00:01]} Rg1 {[%emt 0:00:01]} 79. Ra2 {[%emt 0:00:08]} Rg3+ {[%emt 0:00:20]} 80. Kh2 {[%emt 0:00:02]} Bg1+ {[%emt 0:00:02]} 81. Kh1 {[%emt 0:00:02]} Bc5 {[%emt 0:00:06]} 82. Rc2 {[%emt 0:00:03]} Bd4 {[%emt 0:00:06]} 83. Rd2 {[%emt 0:00:17]} Be3 {[%emt 0:00:07]} 84. Ra2 {[%emt 0:00:01]} Rg4 {[%emt 0:00:12]} 85. h5 {[%emt 0:00:05]} Bf4 {[%emt 0:00:07]} 86. Ra3+ {[%emt 0:00:03]} Ke4 {[%emt 0:00:01]} 87. Rh3 {[%emt 0:00:03]} Bh6 {[%emt 0:00:02]} 88. Kh2 {[%emt 0:00:11]} Kf5 {[%emt 0:00:04]} 89. Rb3 {[%emt 0:00:03]} Rh4+ {[%emt 0:00:06]} 90. Kg2 {[%emt 0:00:04]} Ra4 {[%emt 0:00:02]} 91. Kh3 {[%emt 0:00:02]} Bg5 {[%emt 0:00:09]} 92. Rf3+ {[%emt 0:00:11]} Bf4 {[%emt 0:00:03]} 93. Rb3 {[%emt 0:00:01]} Ra2 {[%emt 0:00:03]} 94. Rb5+ {[%emt 0:00:02]} Be5 {[%emt 0:00:01]} 0-1

[Event "HUN-ch Rapid 2018"]
[Site "Ajka"]
[Date "2018.07.21"]
[Round "10"]
[White "Deak, Sandor"]
[Black "Czupor, Attila"]
[Result "1-0"]
[WhiteElo "2335"]
[BlackElo "2045"]
[Annotator "NA"]
[PlyCount "149"]
[EventDate "2018.07.20"]
[EventType "swiss"]
[EventCountry "HUN"]
[SourceTitle "playchess.com"]
[Source "ChessBase"]
[SourceQuality "1"]
[TimeControl "1200+5"]

1. d4 {[%emt 0:00:06]} d5 {[%emt 0:00:01]} 2. c4 {[%emt 0:00:01]} c6 {[%emt 0:00:02]} 3. cxd5 {[%emt 0:00:01]} cxd5 {[%emt 0:00:01]} 4. Nc3 {[%emt 0:00:01]} Nf6 {[%emt 0:00:01]} 5. Bf4 {[%emt 0:00:02]} Nc6 {[%emt 0:00:04]} 6. e3 {[%emt 0:00:01]} a6 {[%emt 0:00:03]} 7. Bd3 {[%emt 0:00:01]} Bg4 {[%emt 0:00:24]} 8. Nge2 {[%emt 0:00:01]} e6 {[%emt 0:00:11]} 9. O-O {[%emt 0:00:27]} Bd6 {[%emt 0:00:22]} 10. f3 {[%emt 0:00:46]} Bh5 {[%emt 0:00:03]} 11. Rc1 {[%emt 0:01:55]} O-O {[%emt 0:00:18]} 12. Na4 {[%emt 0:00:09]} e5 {[%emt 0:02:40]} 13. dxe5 {[%emt 0:00:20]} Nxe5 {[%emt 0:00:05]} 14. Bb1 {[%emt 0:01:01]} b5 {[%emt 0:01:13]} 15. Nac3 {[%emt 0:03:01]} Nc4 {[%emt 0:00:35]} 16. Qd4 {[%emt 0:00:06]} Nxb2 {[%emt 0:02:02]} 17. Bxd6 {[%emt 0:03:44]} Qxd6 {[%emt 0:00:07]} 18. Nxb5 {[%emt 0:00:15]} axb5 {[%emt 0:00:24]} 19. Qxb2 {[%emt 0:00:01]} b4 {[%emt 0:00:25]} 20. Nd4 {[%emt 0:00:56]} Bg6 {[%emt 0:00:38]} 21. Rfe1 {[%emt 0:00:41]} Rfc8 {[%emt 0:00:22]} 22. Nf5 {[%emt 0:03:38]} Qd7 {[%emt 0:02:33]} 23. g4 {[%emt 0:00:09]} h5 {[%emt 0:00:54]} 24. h3 {[%emt 0:00:03]} Rxc1 {[%emt 0:01:45]} 25. Rxc1 {[%emt 0:00:04]} Bxf5 {[%emt 0:00:04]} 26. Bxf5 {[%emt 0:00:49]} Qd6 {[%emt 0:01:50]} 27. Bb1 {[%emt 0:00:03]} hxg4 {[%emt 0:00:43]} 28. hxg4 {[%emt 0:00:02]} Nd7 {[%emt 0:00:28]} 29. Kg2 {[%emt 0:01:35]} Ne5 {[%emt 0:00:50]} 30. Qd4 {[%emt 0:00:18]} Ng6 {[%emt 0:01:58]} 31. f4 {[%emt 0:00:30]} Re8 {[%emt 0:00:54]} 32. Kf3 {[%emt 0:00:28]} Qe6 {[%emt 0:00:30]} 33. Bxg6 {[%emt 0:00:43]} fxg6 {[%emt 0:00:06]} 34. Rc5 {[%emt 0:00:04]} Qe4+ {[%emt 0:00:07]} 35. Qxe4 {[%emt 0:00:03]} dxe4+ {[%emt 0:00:01]} 36. Kg3 {[%emt 0:00:02]} Ra8 {[%emt 0:00:00]} 37. Rc4 {[%emt 0:00:01]} Rxa2 {[%emt 0:00:03]} 38. Rxb4 {[%emt 0:00:01]} Kf7 {[%emt 0:00:02]} 39. Rxe4 {[%emt 0:00:01]} Ra3 {[%emt 0:00:02]} 40. Kf3 {[%emt 0:00:01]} Rb3 {[%emt 0:00:01]} 41. Ra4 {[%emt 0:00:01]} Rb1 {[%emt 0:00:03]} 42. Ra7+ {[%emt 0:00:06]} Kf8 {[%emt 0:00:11]} 43. g5 {[%emt 0:00:17]} Rb3 {[%emt 0:00:03]} 44. Rd7 {[%emt 0:00:02]} Rb4 {[%emt 0:00:03]} 45. Rd4 {[%emt 0:00:07]} Rb3 {[%emt 0:00:12]} 46. Ke4 {[%emt 0:00:01]} Rb5 {[%emt 0:00:05]} 47. Rd5 {[%emt 0:00:01]} Rb3 {[%emt 0:00:03]} 48. Kd4 {[%emt 0:00:04]} Rb4+ {[%emt 0:00:01]} 49. Ke5 {[%emt 0:00:01]} Ke7 {[%emt 0:00:06]} 50. Ra5 {[%emt 0:00:02]} Rb7 {[%emt 0:00:02]} 51. e4 {[%emt 0:00:04]} Rc7 {[%emt 0:00:04]} 52. Ra6 {[%emt 0:00:38]} Kf7 {[%emt 0:00:18]} 53. f5 {[%emt 0:00:03]} gxf5 {[%emt 0:00:03]} 54. g6+ {[%emt 0:00:07]} Ke7 {[%emt 0:00:06]} 55. Kxf5 {[%emt 0:00:02]} Rc5+ {[%emt 0:00:02]} 56. e5 {[%emt 0:00:01]} Rc7 {[%emt 0:00:01]} 57. Ra8 {[%emt 0:00:04]} Rc1 {[%emt 0:00:07]} 58. Ra7+ {[%emt 0:00:01]} Kf8 {[%emt 0:00:02]} 59. Ke6 {[%emt 0:00:04]} Rc8 {[%emt 0:00:09]} 60. Rf7+ {[%emt 0:00:04]} Kg8 {[%emt 0:00:04]} 61. Rd7 {[%emt 0:00:01]} Kf8 {[%emt 0:00:05]} 62. Kd6 {[%emt 0:00:03]} Ra8 {[%emt 0:00:09]} 63. Rf7+ {[%emt 0:00:01]} Kg8 {[%emt 0:00:04]} 64. Rc7 {[%emt 0:00:02]} Kf8 {[%emt 0:00:13]} 65. Kd7 {[%emt 0:00:02]} Re8 {[%emt 0:00:04]} 66. Rc3 {[%emt 0:00:20]} Re7+ {[%emt 0:00:09]} 67. Kd6 {[%emt 0:00:02]} Re8 {[%emt 0:00:02]} 68. Rf3+ {[%emt 0:00:01]} Kg8 {[%emt 0:00:01]} 69. e6 {[%emt 0:00:02]} Ra8 {[%emt 0:00:01]} 70. e7 {[%emt 0:00:04]} Ra6+ {[%emt 0:00:01]} 71. Kd5 {[%emt 0:00:02]} Ra5+ {[%emt 0:00:01]} 72. Kc6 {[%emt 0:00:01]} Ra8 {[%emt 0:00:16]} 73. Rd3 {[%emt 0:00:01]} Rc8+ {[%emt 0:00:11]} 74. Kb7 {[%emt 0:00:02]} Re8 {[%emt 0:00:04]} 75. Rd8 {[%emt 0:00:01]} 1-0

[Event "HUN-ch Rapid 2018"]
[Site "Ajka"]
[Date "2018.07.21"]
[Round "10"]
[White "Csonka, Balazs"]
[Black "Szukics, Adam"]
[Result "1-0"]
[WhiteElo "2311"]
[BlackElo "2010"]
[Annotator "NA"]
[PlyCount "81"]
[EventDate "2018.07.20"]
[EventType "swiss"]
[EventCountry "HUN"]
[SourceTitle "playchess.com"]
[Source "ChessBase"]
[SourceQuality "1"]
[TimeControl "1200+5"]

1. d4 {[%emt 0:00:03]} d5 {[%emt 0:00:01]} 2. Nf3 {[%emt 0:00:02]} Nf6 {[%emt 0:00:02]} 3. c4 {[%emt 0:00:02]} e6 {[%emt 0:00:01]} 4. g3 {[%emt 0:00:28]} Be7 {[%emt 0:00:02]} 5. Bg2 {[%emt 0:00:03]} O-O {[%emt 0:00:10]} 6. O-O {[%emt 0:04:31]} dxc4 {[%emt 0:00:02]} 7. Ne5 {[%emt 0:00:02]} Nc6 {[%emt 0:00:36]} 8. Nxc6 {[%emt 0:00:03]} bxc6 {[%emt 0:00:06]} 9. e3 {[%emt 0:00:02]} Rb8 {[%emt 0:00:41]} 10. Qa4 {[%emt 0:01:03]} Rb6 {[%emt 0:04:43]} 11. Nd2 {[%emt 0:02:22]} c5 {[%emt 0:01:22]} 12. dxc5 {[%emt 0:01:12]} Bxc5 {[%emt 0:00:06]} 13. Nxc4 {[%emt 0:00:23]} Rb4 {[%emt 0:01:35]} 14. Qc2 {[%emt 0:00:03]} Ba6 {[%emt 0:03:49]} 15. b3 {[%emt 0:00:29]} Bxc4 {[%emt 0:00:31]} 16. bxc4 {[%emt 0:00:02]} Rb6 {[%emt 0:00:09]} 17. Bb2 {[%emt 0:00:45]} Qe7 {[%emt 0:00:05]} 18. Rab1 {[%emt 0:01:50]} Rfb8 {[%emt 0:00:08]} 19. Bc3 {[%emt 0:00:55]} Bb4 {[%emt 0:01:21]} 20. Ba1 {[%emt 0:00:55]} Ne8 {[%emt 0:00:12]} 21. Rfd1 {[%emt 0:00:45]} Bc5 {[%emt 0:00:26]} 22. Bc3 {[%emt 0:02:13]} Bb4 {[%emt 0:00:54]} 23. Bxb4 {[%emt 0:00:09]} Rxb4 {[%emt 0:00:01]} 24. Bc6 {[%emt 0:00:38]} Nf6 {[%emt 0:00:36]} 25. c5 {[%emt 0:01:02]} g6 {[%emt 0:03:20]} 26. Rxb4 {[%emt 0:00:14]} Rxb4 {[%emt 0:00:01]} 27. Qc3 {[%emt 0:00:06]} Rb8 {[%emt 0:00:21]} 28. h3 {[%emt 0:01:02]} Rd8 {[%emt 0:00:19]} 29. Rb1 {[%emt 0:00:42]} h5 {[%emt 0:00:02]} 30. Rb7 {[%emt 0:00:13]} h4 {[%emt 0:00:20]} 31. g4 {[%emt 0:00:01]} Nd5 {[%emt 0:00:26]} 32. Bxd5 {[%emt 0:00:10]} Rxd5 {[%emt 0:00:02]} 33. Rxa7 {[%emt 0:00:06]} e5 {[%emt 0:00:05]} 34. c6 {[%emt 0:00:06]} Rc5 {[%emt 0:00:06]} 35. Qa3 {[%emt 0:00:06]} e4 {[%emt 0:00:07]} 36. Rxc7 {[%emt 0:00:05]} Qxc7 {[%emt 0:00:04]} 37. Qxc5 {[%emt 0:00:01]} Kh7 {[%emt 0:00:05]} 38. Qc4 {[%emt 0:00:09]} Qe5 {[%emt 0:00:04]} 39. c7 {[%emt 0:00:03]} Qa1+ {[%emt 0:00:03]} 40. Kg2 {[%emt 0:00:04]} Qd1 {[%emt 0:00:03]} 41. Qxf7+ {[%emt 0:00:02]} 1-0

[Event "HUN-ch Rapid 2018"]
[Site "Ajka"]
[Date "2018.07.21"]
[Round "10"]
[White "Hardicsay, Peter"]
[Black "Nemeth, Miklos"]
[Result "0-1"]
[WhiteElo "2267"]
[BlackElo "2469"]
[Annotator "TA"]
[PlyCount "100"]
[EventDate "2018.07.20"]
[EventType "swiss"]
[EventCountry "HUN"]
[SourceTitle "playchess.com"]
[Source "ChessBase"]
[SourceQuality "1"]

{[%evp 25,100,0,7,0,4,15,0,-17,-15,-1,-12,-55,-23,-16,-22,-17,-21,-16,-20,-20,-25,-35,-10,-112,-102,-127,-77,-154,-81,-85,-59,-55,-18,-18,0,-14,-15,-20,-17,-24,-15,-18,-12,-35,-36,-40,0,0,0,-47,0,0,0,-47,-47,-45,-56,-54,-52,-59,-64,-135,-135,-201,-216,-387,-293,-289,-292,-323,-243,-414,-309,-312,-249,-710,-703]} 1. c4 e5 2. Nc3 Nf6 3. Nf3 Nc6 4. g3 d5 5. cxd5 Nxd5 6. Bg2 Nb6 7. O-O Be7 8. a3 O-O 9. b4 Re8 10. d3 Bf8 11. Rb1 a5 12. b5 Nd4 13. Nd2 {A29: English Opening: Four Knights Variation with 4 g3} a4 {LiveBook: 18 Games} 14. Re1 (14. e3 Ne6 15. Nf3 Nc5 16. Nxe5 Rxe5 17. d4 Re8 18. dxc5 Qxd1 19. Rxd1 Bxc5 20. Bb2 Nc4 {½-½ (96) Nepomniachtchi,I (2749)-Vachier Lagrave,M (2796) Sharjah 2017}) 14... Ra7 15. e3 {The position is equal.} Ne6 16. Qc2 $146 ({Predecessor:} 16. Nf3 Nc5 17. d4 exd4 18. Nxd4 Ne6 19. Nce2 g6 20. Bb2 Nc4 {½-½ (51) Spiridonov,N (2400)-Lerner,K (2530) Palma de Mallorca 1989}) 16... Nc5 17. Bf1 $1 Be6 18. Nc4 Bf5 {[%cal Rf5d3]} 19. e4 Be6 20. Be3 Nxc4 21. dxc4 b6 22. Nd5 Nb3 23. Qb2 Bxd5 24. exd5 (24. cxd5 $11 {keeps the balance.} Bd6 25. Bc4) 24... Qd6 $17 25. Re2 Raa8 ({Not} 25... Qxa3 $2 26. Qxa3 Bxa3 27. Ra2 $18) 26. Bc1 (26. Bg2 $142) 26... Nd4 (26... Nxc1 $142 27. Qxc1 Qxa3) 27. Re3 Qf6 28. Bg2 Rad8 29. Bd2 Nf5 30. Re2 Bc5 31. Bc3 {[%cal Rc3e5]} Nd4 {[#] Threatens to win with ...Bxa3!} 32. Re3 Qd6 33. Bb4 f6 34. Bh3 f5 35. Rbe1 Qf6 36. Bxc5 bxc5 37. Qd2 e4 38. Bg2 Rf8 39. f3 exf3 40. Bxf3 f4 $36 {[%mdl 2048] Black has the initiative.} 41. gxf4 Qxf4 42. Bg2 Nf5 $1 {[%csl LRc4,LRe3]} 43. R3e2 ({White should try} 43. Rd3 $15 Qxc4 44. d6) 43... Qxc4 44. d6 (44. Qa5 $17 {was called for.}) 44... Rxd6 $19 45. Qg5 $2 (45. Qa2 {is a better defense.} Qxa2 46. Rxa2) 45... h6 46. Qh5 Rdf6 47. Rf2 Qd4 {[#] Hoping for ...Ne7!} 48. Rd1 $2 (48. Qd1 {was the only chance.}) 48... Qe3 49. Qf3 Qxf3 50. Bxf3 $2 (50. Rxf3 Nd4 51. Rxf6 Rxf6 52. Bf1) 50... Ne3 {Precision: White = 34%, Black = 48%.} 0-1

[Event "HUN-ch Rapid 2018"]
[Site "Ajka"]
[Date "2018.07.21"]
[Round "10"]
[White "Csala, Imre"]
[Black "Egresi, Mate"]
[Result "0-1"]
[WhiteElo "2146"]
[BlackElo "2280"]
[Annotator "NA"]
[PlyCount "120"]
[EventDate "2018.07.20"]
[EventType "swiss"]
[EventCountry "HUN"]
[SourceTitle "playchess.com"]
[Source "ChessBase"]
[SourceQuality "1"]
[TimeControl "1200+5"]

1. d4 {[%emt 0:00:01]} d5 {[%emt 0:00:01]} 2. Nf3 {[%emt 0:00:02]} Nf6 {[%emt 0:00:01]} 3. c4 {[%emt 0:00:01]} e6 {[%emt 0:00:01]} 4. Nc3 {[%emt 0:00:01]} Be7 {[%emt 0:00:00]} 5. Bf4 {[%emt 0:00:01]} O-O {[%emt 0:00:02]} 6. e3 {[%emt 0:00:01]} c5 {[%emt 0:00:01]} 7. dxc5 {[%emt 0:00:06]} Bxc5 {[%emt 0:00:01]} 8. Rc1 {[%emt 0:00:06]} Nc6 {[%emt 0:01:55]} 9. Be2 {[%emt 0:00:03]} d4 {[%emt 0:00:32]} 10. exd4 {[%emt 0:00:02]} Nxd4 {[%emt 0:00:12]} 11. Nxd4 {[%emt 0:00:04]} Bxd4 {[%emt 0:00:22]} 12. O-O {[%emt 0:00:07]} e5 {[%emt 0:00:10]} 13. Bg5 {[%emt 0:00:03]} Be6 {[%emt 0:00:51]} 14. Qb3 {[%emt 0:00:56]} h6 {[%emt 0:02:02]} 15. Bh4 {[%emt 0:00:13]} Qb6 {[%emt 0:01:12]} 16. Nb5 {[%emt 0:00:11]} g5 {[%emt 0:02:08]} 17. Bg3 {[%emt 0:01:19]} Ne4 {[%emt 0:00:10]} 18. Nxd4 {[%emt 0:00:03]} Qxd4 {[%emt 0:00:15]} 19. Rfd1 {[%emt 0:00:14]} Nxg3 {[%emt 0:00:04]} 20. hxg3 {[%emt 0:00:21]} Qb6 {[%emt 0:00:03]} 21. Qc3 {[%emt 0:00:06]} Qc7 {[%emt 0:00:25]} 22. Bf3 {[%emt 0:00:29]} Rad8 {[%emt 0:00:21]} 23. Re1 {[%emt 0:00:06]} f6 {[%emt 0:00:23]} 24. c5 {[%emt 0:00:31]} Rd4 {[%emt 0:00:36]} 25. b3 {[%emt 0:00:06]} Rfd8 {[%emt 0:00:09]} 26. Be2 {[%emt 0:01:49]} Kg7 {[%emt 0:00:12]} 27. Bb5 {[%emt 0:00:12]} Rd2 {[%emt 0:00:35]} 28. Re2 {[%emt 0:00:20]} Rxe2 {[%emt 0:00:15]} 29. Bxe2 {[%emt 0:00:02]} Bd5 {[%emt 0:01:03]} 30. Bf3 {[%emt 0:00:11]} Bxf3 {[%emt 0:00:14]} 31. gxf3 {[%emt 0:00:02]} Qd7 {[%emt 0:00:37]} 32. Kg2 {[%emt 0:00:21]} Qd2 {[%emt 0:00:26]} 33. c6 {[%emt 0:00:20]} Qxc3 {[%emt 0:00:07]} 34. Rxc3 {[%emt 0:00:01]} bxc6 {[%emt 0:00:15]} 35. Rxc6 {[%emt 0:00:02]} Rd7 {[%emt 0:00:01]} 36. g4 {[%emt 0:00:14]} Kf7 {[%emt 0:00:19]} 37. Ra6 {[%emt 0:00:09]} Kg6 {[%emt 0:00:20]} 38. b4 {[%emt 0:00:06]} Rf7 {[%emt 0:00:06]} 39. a4 {[%emt 0:00:05]} h5 {[%emt 0:00:06]} 40. gxh5+ {[%emt 0:00:02]} Kxh5 {[%emt 0:00:02]} 41. b5 {[%emt 0:00:00]} Kg6 {[%emt 0:00:12]} 42. Kg3 {[%emt 0:00:24]} Kf5 {[%emt 0:00:03]} 43. Rc6 {[%emt 0:00:09]} Rd7 {[%emt 0:00:06]} 44. a5 {[%emt 0:01:01]} Rd5 {[%emt 0:00:15]} 45. Rc7 {[%emt 0:00:11]} Rxb5 {[%emt 0:00:03]} 46. Rxa7 {[%emt 0:00:01]} Rb3 {[%emt 0:00:02]} 47. Kg2 {[%emt 0:00:08]} Ra3 {[%emt 0:00:01]} 48. Ra6 {[%emt 0:00:04]} Ra1 {[%emt 0:00:16]} 49. Kh2 {[%emt 0:00:11]} Ra2 {[%emt 0:00:20]} 50. Kg3 {[%emt 0:00:10]} Ra4 {[%emt 0:00:06]} 51. Kg2 {[%emt 0:00:13]} Ra3 {[%emt 0:00:03]} 52. Ra8 {[%emt 0:00:28]} Kf4 {[%emt 0:00:13]} 53. Ra6 {[%emt 0:00:08]} f5 {[%emt 0:00:10]} 54. Rb6 {[%emt 0:00:13]} Rxa5 {[%emt 0:01:01]} 55. Rb4+ {[%emt 0:00:05]} e4 {[%emt 0:00:02]} 56. fxe4 {[%emt 0:00:03]} fxe4 {[%emt 0:00:03]} 57. Rb3 {[%emt 0:00:05]} Ra2 {[%emt 0:00:07]} 58. Rc3 {[%emt 0:00:01]} Rd2 {[%emt 0:00:02]} 59. Rc8 {[%emt 0:00:05]} e3 {[%emt 0:00:14]} 60. Rf8+ {[%emt 0:00:08]} Kg4 0-1